000 00904nam a22002777a 4500
003 CHAP
005 20220329135948.0
008 971013s1973 r 00010 d
010 _a44779
011 _a45751
035 _a49890
040 _cCHAP
082 _a636.4
_bU5
100 0 0 _aUnderahl, Norman R.
_9116129
245 _aSpecific pathogen free swine
_b: development, application, consequences
260 _aLincoln :
_bUniv. of Nebraska,
_c1973
300 _a157 p.
590 _aBATCH-UPD
_b10
_c20130110
_lUCH01
_h2216
590 _aCONVERSION
_b10
_c20130109
_lUCH01
_h1325
650 1 4 _aGanado porcino
_xMejoramiento.
_945382
650 1 4 _aGanado porcino
_xResistencia a enfermedades.
_945404
901 _aBK
942 _cLIBRO
949 _a636.4 U5
_bBC
_cLIBRO
_d33724000099636
_eLIBRO
_h41031
_i49890
_mD
_si
949 _a636.4 U5
_bBC
_cLIBRO
_d33724000099644
_eLIBRO
_fc.2
_h41032
_i49890
_mD
_si
999 _c44779
_d44779